| 000 | 00857cam a22002653a 4500 | ||
|---|---|---|---|
| 001 | 8714 | ||
| 003 | PGUSA | ||
| 005 | 20140828083204.0 | ||
| 008 | 050801s2005||||xxu|||||s|||||000 | eng d | ||
| 040 |
_aPGUSA _beng |
||
| 042 | _adc | ||
| 050 | 4 | _aPA | |
| 100 | 1 |
_aAeschylus, _d-525--456 |
|
| 245 | 1 | 0 |
_aFour Plays of Aeschylus _h[electronic resource] / _cAeschylus |
| 260 |
_bProject Gutenberg, _c2005 |
||
| 505 | 0 | _aThe suppliant maidens -- The Persians -- The seven against Thebes -- The Prometheus bound. | |
| 506 | _aPublic domain in the USA. | ||
| 516 | _aElectronic text | ||
| 653 | _aAeschylus -- Translations into English | ||
| 653 | _aMythology, Greek -- Drama | ||
| 700 | 1 |
_aMorshead, E. D. A. _q(Edmund Doidge Anderson), _d1849-1912 |
|
| 830 | 0 |
_aProject Gutenberg _v8714 |
|
| 856 | 4 | 0 | _uhttp://www.gutenberg.org/ebooks/8714 |
| 942 | _cEB | ||
| 999 |
_c238014 _d238014 |
||